Artschwager (Record no. 545)

MARC details
000 -LEADER
campo de control de longitud fija 00574nam a22001577a 4500
008 - DATOS DE LONGITUD FIJA--INFORMACIÓN GENERAL
campo de control de longitud fija 150424b xxu||||| |||| 00| 0 eng d
020 ## - NÚMERO INTERNACIONAL ESTÁNDAR DEL LIBRO
Número Internacional Estándar del Libro 07621248
020 ## - NÚMERO INTERNACIONAL ESTÁNDAR DEL LIBRO
Número Internacional Estándar del Libro 2858504873
082 ## - NÚMERO DE LA CLASIFICACIÓN DECIMAL DEWEY
Número de clasificación 708
Número de ítem A 792a
100 ## - ENTRADA PRINCIPAL--NOMBRE DE PERSONA
Nombre de persona Artschwager, Richard
9 (RLIN) 2498
245 ## - MENCIÓN DEL TÍTULO
Título Artschwager
Mención de responsabilidad, etc. Artschwager, Richard; Blistene, Bernard (curador)
260 ## - PUBLICACIÓN, DISTRIBUCIÓN, ETC.
Lugar de publicación, distribución, etc. Paris
Nombre del editor, distribuidor, etc. Centre Pompidou
Fecha de publicación, distribución, etc. 1989
300 ## - DESCRIPCIÓN FÍSICA
Extensión 127 p.
Otras características físicas ill. (col)
Dimensiones 23.5x27 cm
650 ## - PUNTO DE ACCESO ADICIONAL DE MATERIA--TÉRMINO DE MATERIA
Subdivisión general Artschwager, Richard-1923-2013
-- Arte Americano-exhibiciones
-- Arte moderno-S.20
9 (RLIN) 2499
700 ## - ENTRADA AGREGADA--NOMBRE PERSONAL
Nombre de persona Richard Artschwager; Bernard Blistene (curador)
9 (RLIN) 2500
Holdings
Estatus retirado Estado de pérdida Fuente del sistema de clasificación o colocación Estado de daño No para préstamo Biblioteca de origen Biblioteca actual Ubicación en estantería Fecha de adquisición Total de préstamos Signatura topográfica completa Código de barras Visto por última vez Precio de reemplazo Tipo de ítem Koha
    Clasificación Decimal Dewey     Biblioteca LadoV Biblioteca LadoV   24/04/2015   708 A 792a 000584 24/04/2015 24/04/2015 Material 01